| 000 -LEADER |
| fixed length control field |
00514nam a2200181Ia 4500 |
| 008 - FIXED-LENGTH DATA ELEMENTS--GENERAL INFORMATION |
| fixed length control field |
190805s9999||||xx |||||||||||||| ||und|| |
| 020 ## - INTERNATIONAL STANDARD BOOK NUMBER |
| International Standard Book Number |
9788123904009 |
| Terms of availability |
Rs. 295.00 |
| 082 04 - DEWEY DECIMAL CLASSIFICATION NUMBER |
| Classification number |
530 |
| Item number |
N323 |
| 100 1# - MAIN ENTRY--PERSONAL NAME |
| Personal name |
Nelkon, Michael |
| 245 10 - TITLE STATEMENT |
| Title |
Advanced level Physics / |
| 250 ## - EDITION STATEMENT |
| Edition statement |
7th ed. |
| 260 ## - PUBLICATION, DISTRIBUTION, ETC. (IMPRINT) |
| Place of publication, distribution, etc |
New Delhi : |
| Name of publisher, distributor, etc |
CBS Publishers, |
| Date of publication, distribution, etc |
1995 |
| 300 ## - PHYSICAL DESCRIPTION |
| Extent |
xv, 927 p. |
| Other physical details |
: ill. |
| Dimensions |
; 21.5 cm. |
| 650 #0 - SUBJECT ADDED ENTRY--TOPICAL TERM |
| Topical term or geographic name as entry element |
Physics |
| 700 1# - ADDED ENTRY--PERSONAL NAME |
| Personal name |
Parker, Philip |
| 852 ## - LOCATION/CALL NUMBER |
| Location |
|
| 942 ## - ADDED ENTRY ELEMENTS (KOHA) |
| Item type |
Books |